| 000 | 00997nam a2200181 a 4500 | ||
|---|---|---|---|
| 020 | _a8023900716 | ||
| 020 | _a0879011831 | ||
| 082 | _a530 TIP | ||
| 100 | 1 | _aTipler, Paul A. | |
| 245 | 1 | 0 | _aPhysics :Vol.2 |
| 250 | _a2nd Edition. | ||
| 260 |
_aNew Delhi _bCBS _c1992 |
||
| 300 | _a538 p. to 1062p; | ||
| 520 | _aThe sixth edition offers a completely integrated text and media solution that will enable students to learn more effectively and professors to teach more efficiently. The text includes a new strategic problem-solving approach, an integrated Maths Tutorial, and new tools to improve conceptual understanding. It is also available in the following versions: "Volume 1 Mechanics/Oscillations and Waves/Thermodynamics" (Chapters 1-20), "Volume 3 Elementary Modern Physics" (Chapters 34-41), "Standard Version" (Chapters 1-33), and "Extended Version" (Chapters 1-41). | ||
| 650 | _aphysics | ||
| 856 | 4 | 0 | _uhttp://www.amazon.com/exec/obidos/ASIN/1429201339/chopaconline-20 |
| 942 | _cBK | ||
| 999 |
_c1522 _d1522 |
||